00416nam a2200121 a 450000500170000000800410001705000230005810000210008124500790010226000310018165000330021265000490024520140414132104.0100823s19uu xx 00 eng d aTR 378.1bC37 2008 aCarnevale, Linda aBarron's ACT English, reading, and writing workbook /cby Linda Carnevale. aNew York :bBarron,c2008. aACT AssessmentxStudy guides aEnglish languagexExaminationsxStudy guides